|
|
|
|
| LEADER |
01163nam a2200277 i 4500 |
| 001 |
c000005622 |
| 003 |
CARM |
| 005 |
00000000000000.0 |
| 008 |
s1976 snc 00010 eng d |
| 019 |
1 |
|
|a 3828652
|5 LACONCORD2021
|
| 035 |
|
|
|a (OCoLC)217172155
|5 LACONCORD2021
|
| 111 |
2 |
0 |
|a Symposium on Links between Pre-school and Primary Education
|b (1st :
|d 1975 :
|c Versailles)
|
| 245 |
1 |
4 |
|a The link between pre-school and primary education.
|
| 260 |
|
|
|a Strasbourg :
|b Committee for General and Technical Education,
|c 1976.
|
| 300 |
|
|
|a i, 58p. ;
|c 30cm.
|
| 500 |
|
|
|a Cover title.
|
| 500 |
|
|
|a "CCC/EGT (75) 29-E".
|
| 500 |
|
|
|a Added t.p. has error in year of symposium.
|
| 650 |
|
0 |
|a Articulation (Education)
|x Congresses.
|
| 650 |
|
0 |
|a Education, Preschool
|x Congresses.
|
| 650 |
|
0 |
|a Education, Primary
|x Congresses.
|
| 710 |
2 |
0 |
|a Council of Europe.
|b Committee for General and Technical Education.
|
| 852 |
8 |
|
|b CARM
|h A2:AM36C0
|i D03828
|p 0179533
|f BK
|
| 082 |
0 |
4 |
|a 372.2
|
| 999 |
f |
f |
|i 52509ba2-7bfe-5a47-958a-8a6e3fcfb4d9
|s 83612112-e1c7-5ea7-8157-58a39c265b9e
|
| 952 |
f |
f |
|p Can circulate
|a CAVAL
|b CAVAL
|c CAVAL
|d CARM 1 Store
|e D03828
|f A2:AM36C0
|h Other scheme
|i book
|m 0179533
|